| 000 | 01291cam a2200337 i 4500 | ||
|---|---|---|---|
| 001 | 200447224 | ||
| 003 | TR-AnTOB | ||
| 005 | 20240824073710.0 | ||
| 007 | ta | ||
| 008 | 800401t19791979fr i000 0 eng | ||
| 010 | _a80460157 | ||
| 020 |
_a9264119701 : _c$6.00 |
||
| 040 |
_aDLC _beng _erda _cDLC _dEEM _dUtOrBLW _dTR-AnTOB |
||
| 041 | 0 | _aeng | |
| 050 | 0 | 0 |
_aHG4538 _b.O64 1979 |
| 090 |
_aTOBBK HG4538 _b.O64 1979 |
||
| 110 | 2 |
_aOrganisation for Economic Co-operation and Development _933753 |
|
| 245 | 1 | 0 | _aReview of the 1976 decla[ra]tion and decisions on guidelines for multinational enterprises, national treatment, international investment incentives and disincentives, consultation procedures. |
| 264 | 1 |
_aParis : _bOrganisation for Economic Co-operation and Development ; _c[1979] |
|
| 264 | 2 |
_a[Washington, D.C.] : _b[sold by OECD Publications and Information Center], _c[1979] |
|
| 264 | 4 | _c©1979 | |
| 300 |
_a67 pages ; _c24 cm |
||
| 336 |
_atext _btxt _2rdacontent. |
||
| 337 |
_aunmediated _bn _2rdamedia. |
||
| 338 |
_avolume _bnc _2rdacarrier. |
||
| 490 | 0 | _aInternational investment and multinational enterprises | |
| 650 | 0 |
_aInvestments, Foreign _9121108 |
|
| 650 | 0 |
_aInternational business enterprises _943775 |
|
| 942 |
_2z _cBK |
||
| 999 |
_c200447224 _d65436 |
||
| 999 | _aGU 15.04.2022 | ||